| 000 | 00924nam a2200277Ia 4500 | ||
|---|---|---|---|
| 003 | OSt | ||
| 005 | 20221005105258.0 | ||
| 006 | a|||||r|||| 00| 0 | ||
| 007 | ta | ||
| 008 | 221004b |||||||| |||| 00| 0 hin d | ||
| 020 |
_a9788170169857 (pbk) _cINR 795.00 |
||
| 024 | _a37611 | ||
| 037 |
_b389, 12/03/2018, Eastern Book Linkers _cTextual |
||
| 040 |
_aCRL _cCRL _bhin |
||
| 041 |
_2hin _ahin |
||
| 082 | _aO152,3N61,BI, Q6 | ||
| 100 | _aकामेश्वर, ले. | ||
| 245 | 0 | _aबिपत | |
| 246 | _aBipata | ||
| 260 |
_aनई दिल्ली _bकिताबघर भारत _c2016 |
||
| 300 |
_a376पृ0 _ccm. |
||
| 650 | _a हिन्दी साहित्य | ||
| 650 | _aहिन्दी कहानी | ||
| 942 |
_hO152,3N61,BI, Q6 _cTEXL _2cc |
||
| 999 |
_c1015348 _d1015348 |
||